Menyahut cabaran Wawasan 2020

Bibliographic Details
Main Author: Azlela Hanafee
Format: Book
Published: Melaka : Associated Educational Distributors , 2006
Series:Siri kenegaraan dan patriotisme
Subjects:

MARC

LEADER 00000cam a2200000 7i4500
001 0000014248
005 20151222.0
008 080225
020 |a 9679489086 
090 0 0 |a EDU MAL 
100 0 |a Azlela Hanafee 
245 1 0 |a Menyahut cabaran Wawasan 2020   |c Azlela Hanafee 
260 |a Melaka :   |b Associated Educational Distributors ,   |c 2006 
440 |a Siri kenegaraan dan patriotisme 
500 |a Children ages 10-12 years old (pink) 
650 0 |a Malay language   |x Readers 
999 |a 0000920931   |b Book   |c Children Collection   |e Cawangan Bukit Gambir 
999 |a 0000920932   |b Book   |c Children Collection   |e Cawangan Bukit Gambir 
999 |a 0000932483   |b Book   |c Children Collection   |e Cawangan Tangkak 
999 |a 0000932484   |b Book   |c Children Collection   |e Cawangan Tangkak 
999 |a 0000932485   |b Book   |c Children Collection   |e Cawangan Tangkak 
999 |a 0000946687   |b Book   |c Children Collection   |e Cawangan Taman Sri Lambak 
999 |a 0000946688   |b Book   |c Children Collection   |e Cawangan Taman Sri Lambak 
999 |a 0000946689   |b Book   |c Children Collection   |e Cawangan Taman Sri Lambak 
999 |a 0001012337   |b Book   |c Children Collection   |e Perbadanan Perpustakaan Awam Johor 
999 |a 0001012338   |b Book   |c Children Collection   |e Cawangan Taman Universiti